Cactus desert / (Record no. 4065)

MARC details
000 -LEADER
fixed length control field 01780pam a2200385 a 4500
001 - CONTROL NUMBER
control field 4065
003 - CONTROL NUMBER IDENTIFIER
control field FISKH
005 - DATE AND TIME OF LATEST TRANSACTION
control field 20240607095803.0
008 - FIXED-LENGTH DATA ELEMENTS--GENERAL INFORMATION
fixed length control field 950209s1995 nyua j b 001 0 eng
010 ## - LIBRARY OF CONGRESS CONTROL NUMBER
LC control number 95007096
020 ## - INTERNATIONAL STANDARD BOOK NUMBER
International Standard Book Number 071676573X (hardcover)
020 ## - INTERNATIONAL STANDARD BOOK NUMBER
International Standard Book Number 9780070579347
040 ## - CATALOGING SOURCE
Original cataloging agency DLC
Transcribing agency DLC
Modifying agency DLC
Language of cataloging eng
042 ## - AUTHENTICATION CODE
Authentication code lcac
050 00 - LIBRARY OF CONGRESS CALL NUMBER
Classification number QH541.5.D4
Item number S55 1995
082 00 - DEWEY DECIMAL CLASSIFICATION NUMBER
Classification number 574.5/2652
Edition number 20
100 1# - MAIN ENTRY--PERSONAL NAME
Personal name Silver, Donald M.,
Dates associated with a name 1947-
245 10 - TITLE STATEMENT
Title Cactus desert /
Statement of responsibility, etc. by Donald M. Silver ; illustrated by Patricia J. Wynne.
260 ## - PUBLICATION, DISTRIBUTION, ETC.
Place of publication, distribution, etc. New York :
Name of publisher, distributor, etc. Learning Triangle Press,
Date of publication, distribution, etc. 1995.
300 ## - PHYSICAL DESCRIPTION
Extent 48 pages :
Other physical details color illustrations ;
Dimensions 23 cm
490 1# - SERIES STATEMENT
Series statement One small square
504 ## - BIBLIOGRAPHY, ETC. NOTE
Bibliography, etc. note Includes bibliographical references (p. 48) and index.
505 ## - FORMATTED CONTENTS NOTE
Formatted contents note O<br/>
520 ## - SUMMARY, ETC.
Summary, etc. It's a sun-scorched world where clouds rarely come and nothing seems to move. That is, until children ages 6 - 9 up look a little closer to find tortoises, toads, and lizards, not to mention the scary rattlesnake and scorpion. Here, plants send their roots deep into the earth to find water, beetles stand on their head and shoot a stinky spray to fight off enemies, and roadrunners whiz by sleepy turtles and nervous desert mice on their way to ... where? Kids need only light clothes and a few simple pieces of equipment to explore the enchantments of cactus country.
521 8# - TARGET AUDIENCE NOTE
Target audience note 600<br/>
Source Lexile estimate <br/>
521 8# - TARGET AUDIENCE NOTE
Target audience note O<br/>
Source Raz-Plus <br/>
650 #0 - SUBJECT ADDED ENTRY--TOPICAL TERM
Topical term or geographic name entry element Desert ecology
General subdivision Juvenile literature.
650 #0 - SUBJECT ADDED ENTRY--TOPICAL TERM
Topical term or geographic name entry element Desert ecology
General subdivision Study and teaching
-- Activity programs
-- Juvenile literature.
650 #1 - SUBJECT ADDED ENTRY--TOPICAL TERM
Topical term or geographic name entry element Desert ecology.
650 #1 - SUBJECT ADDED ENTRY--TOPICAL TERM
Topical term or geographic name entry element Ecology.
700 1# - ADDED ENTRY--PERSONAL NAME
Personal name Wynne, Patricia,
Relator term illustrator
906 ## - LOCAL DATA ELEMENT F, LDF (RLIN)
a 7
b cbc
c orignew
d 1
e ocip
f 19
g y-gencatlg
942 ## - ADDED ENTRY ELEMENTS (KOHA)
Source of classification or shelving scheme Dewey Decimal Classification
Koha item type Books
Suppress in OPAC No
Holdings
Withdrawn status Lost status Source of classification or shelving scheme Damaged status Not for loan Collection Home library Current library Shelving location Date acquired Total Checkouts Full call number Barcode Date last seen Price effective from Koha item type
    Dewey Decimal Classification     Non-Fiction Footprints International School Library Network Toul Kork Campus Footprints International School Library Network Toul Kork Campus TK Primary Library Room(4th Floor), Bookcase 3&4, Shelves 17-32, Yellow Books 06/05/2024   SIL 577.54 QH541.D4 FISTK00988 06/05/2024 06/05/2024 Books